000
00340nam a2200145Ia 4500
008
230718s9999 xx 000 0 und d
041
_a
Eng.
082
_a
352.84
_b
AHM-R
100
_a
Ahmad, Ch. Sagir
245
0
_a
Registration Act,1908
260
_a
Pakistan
_b
Mansoor Book House
_c
2002
300
_a
140
650
_a
Law
999
_c
29805
_d
29805